| 000 -LEADER |
| fixed length control field |
00580cam a22001818a 4500 |
| 020 ## - INTERNATIONAL STANDARD BOOK NUMBER |
| ISBN |
0803109490 |
| 040 ## - CATALOGING SOURCE |
| Transcribing agency |
DLC |
| 082 ## - DEWEY DECIMAL CLASSIFICATION NUMBER |
| Classification number |
620 AST 1988 A043 Or. |
| 245 10 - TITLE STATEMENT |
| Title |
Fracture mechanics : |
| Remainder of title |
eighteenth symposium : eighteenth National Symposium on Fracture Mechanics / |
| 260 ## - PUBLICATION, DISTRIBUTION, ETC. (IMPRINT) |
| Place of publication |
Philadelphia, PA : |
| Name of publisher |
ASTM, |
| Year of publication |
1988. |
| 300 ## - PHYSICAL DESCRIPTION |
| Number of Pages |
1117 p. : |
| Other physical details |
ill. ; |
| Dimensions |
24 cm. |
| 500 ## - GENERAL NOTE |
| General note |
"ASTM publication code number (PCN) 04-945000-30." |
| 650 #0 - SUBJECT ADDED ENTRY--TOPICAL TERM |
| Topical Term |
Fracture mechanics |
| 700 1# - ADDED ENTRY--PERSONAL NAME |
| Personal name |
Read, D. T. |
| 700 1# - ADDED ENTRY--PERSONAL NAME |
| Personal name |
Reed, R. P. |
| 710 2# - ADDED ENTRY--CORPORATE NAME |
| Corporate name or jurisdiction name as entry element |
ASTM Committee E-24 on Fracture Testing. |
| 942 ## - ADDED ENTRY ELEMENTS (KOHA) |
| Koha item type |
សៀវភៅភាសាអង់គ្លេស |
| 952 ## - LOCATION AND ITEM INFORMATION (KOHA) |
| Withdrawn status [LOCAL, KOHA] |
0 |